<?xml version="1.0" encoding="UTF-8"?>
<record
    xmlns:xsi="http://www.w3.org/2001/XMLSchema-instance"
    xsi:schemaLocation="http://www.loc.gov/MARC21/slim http://www.loc.gov/standards/marcxml/schema/MARC21slim.xsd"
    xmlns="http://www.loc.gov/MARC21/slim">

  <leader>00975    a2200217   4500</leader>
  <controlfield tag="005">20080909125243.0</controlfield>
  <controlfield tag="008">080909t        xxu||||| |||| 00| 0 hin d</controlfield>
  <datafield tag="010" ind1=" " ind2=" ">
    <subfield code="a">HIN-79295</subfield>
  </datafield>
  <datafield tag="020" ind1=" " ind2=" ">
    <subfield code="c">100.00</subfield>
    <subfield code="a">8189675028</subfield>
  </datafield>
  <datafield tag="035" ind1=" " ind2=" ">
    <subfield code="a">HN-51641</subfield>
  </datafield>
  <datafield tag="037" ind1=" " ind2=" ">
    <subfield code="b">D.B.Act / pub</subfield>
  </datafield>
  <datafield tag="082" ind1=" " ind2=" ">
    <subfield code="a">822</subfield>
  </datafield>
  <datafield tag="100" ind1=" " ind2=" ">
    <subfield code="a">&#x936;&#x930;&#x94D;&#x92E;&#x93E;, &#x92C;&#x93E;&#x92C;&#x942;&#x932;&#x93E;&#x932;</subfield>
  </datafield>
  <datafield tag="245" ind1=" " ind2=" ">
    <subfield code="a">&#x910;&#x924;&#x93F;&#x939;&#x93E;&#x938;&#x93F;&#x915; &#x928;&#x93E;&#x91F;&#x915;</subfield>
    <subfield code="c">&#x92C;&#x93E;&#x92C;&#x942;&#x932;&#x93E;&#x932; &#x936;&#x930;&#x94D;&#x92E;&#x93E;</subfield>
  </datafield>
  <datafield tag="246" ind1=" " ind2=" ">
    <subfield code="a">Eatihasik Natak</subfield>
    <subfield code="b">by Babulal Sharms</subfield>
  </datafield>
  <datafield tag="260" ind1=" " ind2=" ">
    <subfield code="a">&#x91C;&#x92F;&#x92A;&#x941;&#x930;</subfield>
    <subfield code="b">&#x92E;&#x93E;&#x901;&#x921;&#x930;&#x94D;&#x928; &#x92C;&#x941;&#x915; &#x921;&#x93F;&#x92A;&#x94B;</subfield>
    <subfield code="c">2006</subfield>
  </datafield>
  <datafield tag="270" ind1=" " ind2=" ">
    <subfield code="a">266, &#x91A;&#x94C;&#x921;&#x93C;&#x93E; &#x930;&#x93E;&#x938;&#x94D;&#x924;&#x93E;</subfield>
    <subfield code="b">&#x91C;&#x92F;&#x92A;&#x941;&#x930;</subfield>
    <subfield code="e">302003(&#x930;&#x93E;&#x91C;.)</subfield>
  </datafield>
  <datafield tag="300" ind1=" " ind2=" ">
    <subfield code="a">80&#x92A;&#x943;</subfield>
    <subfield code="c">22 &#x938;&#x947;&#x92E;&#x940; (&#x938;&#x91C;&#x93F;&#x932;&#x94D;&#x926;)</subfield>
  </datafield>
  <datafield tag="942" ind1=" " ind2=" ">
    <subfield code="a">dpl</subfield>
    <subfield code="c">HN</subfield>
    <subfield code="k">822 / &#x936;&#x930;&#x94D;&#x92E;&#x93E;&#x92C;&#x93E;</subfield>
    <subfield code="2">ddc</subfield>
    <subfield code="h">822</subfield>
    <subfield code="m">&#x936;&#x930;&#x94D;&#x92E;&#x93E;&#x92C;&#x93E;</subfield>
  </datafield>
  <datafield tag="999" ind1=" " ind2=" ">
    <subfield code="c">1501</subfield>
    <subfield code="d">1501</subfield>
  </datafield>
  <datafield tag="952" ind1=" " ind2=" ">
    <subfield code="0">0</subfield>
    <subfield code="1">0</subfield>
    <subfield code="4">0</subfield>
    <subfield code="7">0</subfield>
    <subfield code="a">DBAD</subfield>
    <subfield code="b">DBAD</subfield>
    <subfield code="d">2008-09-09</subfield>
    <subfield code="g">100.00</subfield>
    <subfield code="l">0</subfield>
    <subfield code="o">822 &#x936;&#x930;&#x94D;&#x92E;&#x93E;&#x92C;&#x93E;</subfield>
    <subfield code="p">HN-51641</subfield>
    <subfield code="r">2008-09-15 00:00:00</subfield>
    <subfield code="t">1</subfield>
    <subfield code="u">1578</subfield>
    <subfield code="v">100.00</subfield>
    <subfield code="w">2008-09-15</subfield>
    <subfield code="y">HN</subfield>
  </datafield>
</record>
